<?xml version="1.0" encoding="UTF-8"?><?xml-stylesheet type="text/xsl" href="static/style.xsl"?><OAI-PMH xmlns="http://www.openarchives.org/OAI/2.0/" xmlns:xsi="http://www.w3.org/2001/XMLSchema-instance" xsi:schemaLocation="http://www.openarchives.org/OAI/2.0/ http://www.openarchives.org/OAI/2.0/OAI-PMH.xsd"><responseDate>2026-04-27T20:19:19Z</responseDate><request verb="GetRecord" identifier="oai:uvadoc.uva.es:10324/2028" metadataPrefix="marc">https://uvadoc.uva.es/oai/request</request><GetRecord><record><header><identifier>oai:uvadoc.uva.es:10324/2028</identifier><datestamp>2021-06-20T14:29:20Z</datestamp><setSpec>com_10324_2555</setSpec><setSpec>col_10324_2559</setSpec></header><metadata><record xmlns="http://www.loc.gov/MARC21/slim" xmlns:doc="http://www.lyncode.com/xoai" xmlns:xsi="http://www.w3.org/2001/XMLSchema-instance" xmlns:dcterms="http://purl.org/dc/terms/" xsi:schemaLocation="http://www.loc.gov/MARC21/slim http://www.loc.gov/standards/marcxml/schema/MARC21slim.xsd">
<leader>00925njm 22002777a 4500</leader>
<datafield tag="042" ind1=" " ind2=" ">
<subfield code="a">dc</subfield>
</datafield>
<datafield tag="720" ind1=" " ind2=" ">
<subfield code="a">Caño Sánchez, Juan Carlos del</subfield>
<subfield code="e">author</subfield>
</datafield>
<datafield tag="260" ind1=" " ind2=" ">
<subfield code="c">2013</subfield>
</datafield>
<datafield tag="520" ind1=" " ind2=" ">
<subfield code="a">Se abordan los aspectos más típicos que cabe esperar en un curso de introducción a las estructuras, partiendo de&#xd;
las nociones básicas del equilibrio estático, e incluyendo una breve presentación de las magnitudes que describen&#xd;
el comportamiento del sólido elástico resistente. El grueso del contenido se centra en el estudio del elemento resistente con forma de barra recta bajo&#xd;
hipótesis de comportamiento elástico, e incluye una breve introducción al análisis de estructuras formadas por&#xd;
este tipo de barras.</subfield>
</datafield>
<datafield tag="024" ind2=" " ind1="8">
<subfield code="a">http://uvadoc.uva.es/handle/10324/2028</subfield>
</datafield>
<datafield ind1=" " ind2=" " tag="653">
<subfield code="a">Estructuras (Construcción)</subfield>
</datafield>
<datafield ind1=" " ind2=" " tag="653">
<subfield code="a">Resistencia de los materiales</subfield>
</datafield>
<datafield tag="245" ind1="0" ind2="0">
<subfield code="a">Apuntes para la asignatura Estructuras de Edificación 1</subfield>
</datafield>
</record></metadata></record></GetRecord></OAI-PMH>